Pentecostal healing: models in theology and practice
| Main Author: | |
|---|---|
| Format: | Print Book |
| Language: | English |
| Subito Delivery Service: | Order now. |
| Check availability: | HBZ Gateway |
| WorldCat: | WorldCat |
| Interlibrary Loan: | Interlibrary Loan for the Fachinformationsdienste (Specialized Information Services in Germany) |
| Published: |
Blandford Forum
Deo
c 2006
|
| In: |
Journal of pentecostal theology / Supplement series ([29])
Year: 2006 |
| Reviews: | Pentecostal Healing. Models in Theology and Practice (2008) (Schäfer, Klaus)
|
| Series/Journal: | Journal of pentecostal theology / Supplement series
[29] |
| Standardized Subjects / Keyword chains: | B
Miraculous healing
/ Healing movement
/ Pentecostal churches
/ History 1905-1930
|
| Further subjects: | B
Spiritual Healing
History
B Pentecostalism History |
MARC
| LEADER | 00000cam a2200000 c 4500 | ||
|---|---|---|---|
| 001 | 1330170229 | ||
| 003 | DE-627 | ||
| 005 | 20251225183540.0 | ||
| 007 | tu | ||
| 008 | 061221s2006 ne ||||| 00| ||eng c | ||
| 016 | 7 | |a b537028 |2 UK | |
| 020 | |a 9058540316 |c (pbk) pbk : £19.95 : CIP entry (May) |9 90-5854-031-6 | ||
| 035 | |a (DE-627)1330170229 | ||
| 035 | |a (DE-576)260170224 | ||
| 035 | |a (DE-599)BSZ260170224 | ||
| 035 | |a (OCoLC)59878760 | ||
| 040 | |a DE-627 |b ger |c DE-627 |e rakwb | ||
| 041 | |a eng | ||
| 044 | |c XA-NL | ||
| 082 | 0 | |a 234.131 | |
| 084 | |a 1 |2 ssgn | ||
| 100 | 1 | |0 (DE-588)1124006567 |0 (DE-627)877671052 |0 (DE-576)260170194 |4 aut |a Alexander, Kimberly Ervin | |
| 109 | |a Alexander, Kimberly Ervin |a Ervin Alexander, Kimberly | ||
| 245 | 1 | 0 | |a Pentecostal healing |b models in theology and practice |c Kimberly Ervin Alexander |
| 264 | 1 | |a Blandford Forum |b Deo |c c 2006 | |
| 300 | |a XI, 258 S. | ||
| 336 | |a Text |b txt |2 rdacontent | ||
| 337 | |a ohne Hilfsmittel zu benutzen |b n |2 rdamedia | ||
| 338 | |a Band |b nc |2 rdacarrier | ||
| 490 | 1 | |a Journal of pentecostal theology supplement series |v [29] | |
| 500 | |a Bandzählung auf Verlagshomepage ermittelt | ||
| 583 | 1 | |a Archivierung prüfen |c 20200919 |f DE-640 |z 3 |2 pdager | |
| 583 | 1 | |a Archivierung/Langzeitarchivierung gewährleistet |c 20211213 |f SLG |x XA-DE-BW |z IGPP |2 pdager |5 DE-25 | |
| 583 | 1 | |a Archivierung/Langzeitarchivierung gewährleistet |f SSG |x XA-DE-BW |2 pdager |5 DE-21 | |
| 601 | |a Theologe | ||
| 650 | 4 | |a Spiritual Healing |x History | |
| 650 | 4 | |a Pentecostalism |x History | |
| 689 | 0 | 0 | |d s |0 (DE-588)4138963-3 |0 (DE-627)105638765 |0 (DE-576)209690437 |2 gnd |a Wunderheilung |
| 689 | 0 | 1 | |d s |0 (DE-588)4365173-2 |0 (DE-627)181378418 |0 (DE-576)211589012 |2 gnd |a Heilungsbewegung |
| 689 | 0 | 2 | |d s |0 (DE-588)4136841-1 |0 (DE-627)105654477 |0 (DE-576)209672587 |2 gnd |a Pfingstbewegung |
| 689 | 0 | 3 | |q z |2 gnd |a Geschichte 1905-1930 |
| 689 | 0 | |5 (DE-627) | |
| 787 | 0 | 8 | |i Rezensiert in |a Schäfer, Klaus |t Pentecostal Healing. Models in Theology and Practice |d 2008 |w (DE-627)1797945602 |
| 830 | 0 | |a Journal of pentecostal theology / Supplement series |v [29] |9 29] |w (DE-627)303390409 |w (DE-576)9303390407 |w (DE-600)1494573-3 |7 am | |
| 935 | |a mteo | ||
| 951 | |a BO | ||
| ELC | |b 1 | ||
| ITA | |a 1 |t 1 | ||
| LOK | |0 000 xxxxxcx a22 zn 4500 | ||
| LOK | |0 001 2559570661 | ||
| LOK | |0 003 DE-627 | ||
| LOK | |0 004 1330170229 | ||
| LOK | |0 005 20080305155427 | ||
| LOK | |0 008 071227||||||||||||||||ger||||||| | ||
| LOK | |0 040 |a DE-21 |c DE-627 |d DE-21 | ||
| LOK | |0 852 |a DE-21 | ||
| LOK | |0 852 1 |c 48 A 22 |9 00 | ||
| LOK | |0 935 |a theo | ||
| LOK | |0 936ln |a t6 | ||
| LOK | |0 938 |l 2 |8 2 | ||
| LOK | |0 938 |l 17/01/08 |8 6 | ||
| LOK | |0 939 |a 27-12-07 |b l01 | ||
| ORI | |a SA-MARC-ixtheoa001.raw | ||
| STA | 0 | 0 | |a Healing movement,Miraculous healing,Miraculous healing,Healing miracle,Healing the sick miraculously,Spiritual healing and spiritualism,Pentecostal churches,Pentecostalism |
| STB | 0 | 0 | |a Guérison miraculeuse,Guérison miraculeuse,Médecine et ésotérisme,Mouvement guérisseur,Pentecôtisme,Mouvement charismatique |
| STC | 0 | 0 | |a Cura milagrosa,Cura milagrosa,Movimiento de curación,Movimiento,Iglesia pentecostal,Iglesia pentecostal |
| STD | 0 | 0 | |a Guarigione prodigiosa <motivo>,Gaurigione prodigiosa,Guarigione miracolosa,Guarigione miracolosa,Guarigione miracolosa,Guarigione miracolosa,Movimento di guarigione,Movimento pentecostale |
| STE | 0 | 0 | |a 五旬节运动,医治运动,神迹医治,神迹医治,神医,神医 |
| STF | 0 | 0 | |a 五旬節運動,神蹟醫治,神蹟醫治,神醫,神醫,醫治運動 |
| STG | 0 | 0 | |a Cura milagrosa,Cura milagrosa,Movimento de cura,Movimento,Igreja pentecostal,Igreja pentecostal |
| STH | 0 | 0 | |a Движение исцеления,Пятидесятники (церковь),Чудесное исцеление (мотив),Чудесное исцеление |
| STI | 0 | 0 | |a Kίνημα σωτηρίας,Θαυματουργή θεραπεία (μοτίβο),Θαυματουργή θεραπεία,Πεντηκοστιανισμός |
| SYG | 0 | 0 | |a Krankenheilung,Heilungswunder , Pfingstkirche,Pfingstkirchen,Pentekostalismus |
| TIM | |a 100019050101_100019301231 |b Geschichte 1905-1930 | ||